000 00241nam a2200109Ia 4500
008 190912s9999||||xx |||||||||||||| ||und||
100 _aHeinz weihrich
245 0 _aManagement
260 _aUSA
_bPrentice
_c1997
300 _a744
942 _cBK
999 _c7136
_d7136